[Event "Dumaguete City Olendo Cup"]
[Site "Dumaguete City"]
[Date "2022.10.28"]
[Round "1"]
[White "Montoya, Edsel"]
[Black "Roullo, Rolzon"]
[Result "1/2-1/2"]
[WhiteElo "2322"]
[BlackElo "2072"]
[PlyCount "106"]
[EventDate "2022.10.28"]
[EventType "tourn"]
[EventRounds "9"]
[EventCountry "PHI"]
[SourceTitle "EXT 2024"]
[Source "ChessBase"]
[SourceDate "2023.10.10"]
[SourceVersion "1"]
[SourceVersionDate "2023.10.10"]
[SourceQuality "1"]

1. d4 e6 2. c4 f5 3. Nc3 Nf6 4. g3 Bb4 5. Bg2 0-0 6. Nh3 d6 7. 0-0 Bxc3 8. bxc3 e5 9. c5 e4 10. cxd6 cxd6 11. Nf4 d5 12. Ba3 Rf7 13. Rc1 g5 14. Nh3 h6 15. f3 Nc6 16. fxe4 fxe4 17. Qd2 Rg7 18. c4 Be6 19. cxd5 Bxd5 20. e3 Rf7 21. Nf2 Na5 22. Qe2 Rc8 23. Ng4 Nxg4 24. Qxg4 Rxc1 25. Bxc1 Qd7 26. Qxd7 Rxd7 27. Rf5 Nc4 28. Bh3 Nb6 29. Ba3 Kg7 30. Re5 Rd8 31. Be7 Re8 32. Bg4 Bf7 33. Bc5 Nd5 34. Kf2 b6 35. Rxe8 Bxe8 36. Bd6 Nf6 37. Be5 Kg6 38. Bxf6 Kxf6 39. Ke1 Bf7 40. a3 Bd5 41. Kd2 Ke7 42. Kc3 a5 43. Be2 Kd6 44. Bb5 Bb7 45. Be8 Bd5 46. Bg6 Kc6 47. Be8+ Kd6 48. Bb5 Bb7 49. Bc4 Bc6 50. Bf7 Bb7 51. Bg8 b5 52. Bf7 Bd5 53. Be8 Bc6 1/2-1/2

[Event "Bacolod Negros op"]
[Site "Bacolod"]
[Date "2017.10.19"]
[Round "9"]
[White "Fronda Pascua, Jan Jodilyn"]
[Black "Roullo, Rolzon"]
[Result "0-1"]
[WhiteElo "2170"]
[BlackElo "1840"]
[PlyCount "168"]
[EventDate "2017.10.11"]
[EventType "swiss"]
[EventRounds "9"]
[EventCountry "PHI"]
[SourceTitle "CBM 181 Extra"]
[Source "ChessBase"]
[SourceDate "2017.12.12"]
[SourceVersion "1"]
[SourceVersionDate "2017.12.12"]
[SourceQuality "1"]

1. e4 e6 2. d4 d5 3. Nc3 Bb4 4. e5 Ne7 5. a3 Bxc3+ 6. bxc3 c5 7. Qg4 cxd4 8. cxd4 Qc7 9. Bd2 Qxc2 10. Qxg7 Rg8 11. Qh6 Qb2 12. Rc1 Qxd4 13. Nf3 Qe4+ 14. Qe3 Qxe3+ 15. Bxe3 Nbc6 16. g3 Ng6 17. Bb5 Bd7 18. Bxc6 Bxc6 19. Bd4 Ne7 20. Ke2 Rg4 21. Rhd1 Bb5+ 22. Kd2 Nc6 23. Bc3 d4 24. Bb2 d3 25. Ke3 Na5 26. Nd2 Ra4 27. Rc5 a6 28. Rdc1 Rd8 29. h4 h5 30. Rc8 Nc6 31. Rxd8+ Kxd8 32. Ne4 Na5 33. Nd6 Nc4+ 34. Nxc4 Bxc4 35. Bd4 Ke8 36. Bc5 Bb5 37. f3 Bc6 38. Bb4 a5 39. Bd6 Kd7 40. Bc5 b5 41. Rc3 Bd5 42. Bd6 f5 43. Rxd3 Rc4 44. Rd4 Rc1 45. Rd3 Bc4 46. Rd2 Rc3+ 47. Kf4 Bd5 48. Rf2 b4 49. axb4 axb4 50. Kg5 b3 51. Ba3 Bxf3 52. Rd2+ Bd5 53. Kxh5 Rxg3 54. Rf2 Ke8 55. Kh6 Kf7 56. h5 Be4 57. Rd2 Bd3 58. Rf2 Ke8 59. Bc1 Bc2 60. Ba3 Kd7 61. Rd2+ Bd3 62. Rf2 Kc6 63. Bb2 Kd5 64. Bc1 Bc2 65. Re2 Kd4 66. Rf2 Kc3 67. Bd2+ Kb2 68. Bb4 Kb1 69. Rf1+ Ka2 70. Rf2 f4 71. Bc5 b2 72. Rxc2 Kb3 73. Rxb2+ Kxb2 74. Kh7 f3 75. h6 Kc3 76. Kh8 Rg5 77. h7 Rxe5 78. Kg7 Rh5 79. Be3 Rxh7+ 80. Kxh7 Kd3 81. Bb6 e5 82. Kg6 e4 83. Kf5 e3 84. Kf4 f2 0-1

[Event "Bacolod Negros op"]
[Site "Bacolod"]
[Date "2017.10.14"]
[Round "4"]
[White "Abelgas, Roel"]
[Black "Roullo, Rolzon"]
[Result "1-0"]
[WhiteElo "2301"]
[BlackElo "1840"]
[PlyCount "75"]
[EventDate "2017.10.11"]
[EventType "swiss"]
[EventRounds "9"]
[EventCountry "PHI"]
[SourceTitle "CBM 181 Extra"]
[Source "ChessBase"]
[SourceDate "2017.12.12"]
[SourceVersion "1"]
[SourceVersionDate "2017.12.12"]
[SourceQuality "1"]

1. d4 e6 2. c4 f5 3. g3 Nf6 4. Bg2 Be7 5. Nc3 0-0 6. Nf3 d6 7. 0-0 Ne4 8. Qc2 Nxc3 9. Qxc3 a5 10. b3 Nc6 11. Bb2 Bf6 12. Qd2 e5 13. dxe5 dxe5 14. Qd5+ Kh8 15. Rad1 Qe7 16. Qd2 Be6 17. Bc3 Rae8 18. Qb2 e4 19. Bxf6 Qxf6 20. Qxf6 Rxf6 21. Nd4 Nxd4 22. Rxd4 Kg8 23. f3 exf3 24. Bxf3 Bc8 25. Rfd1 Kf8 26. c5 Ke7 27. Ra4 Ra6 28. Kf2 Rd8 29. Rxd8 Kxd8 30. Ke3 g5 31. h4 h6 32. hxg5 hxg5 33. Bd5 Ke7 34. Kd4 Rh6 35. Rxa5 b6 36. Ra8 Kd7 37. Bc4 Rh3 38. Bd3 1-0